000 00542nmm a2200169Ia 4500
008 251105s9999||||xx |||||||||||||||||und||
020 _a9788484899181
041 _aspa
100 _aResta, Ilaria
245 0 _aFuentes, reescrituras e intertextos :
_b La novella italiana en el entremés del Siglo de Oro
264 _a[Madrid, España] :
_bIberoamericana Vervuert,
_c2016
300 _a294 páginas
490 _aEscena clásica
650 _aLiterary History
856 _uhttps://public.digitaliapublishing.com/a/57469
942 _cCF
999 _c86877
_d86877